Statistiques concernant How many Vatican can you put in your country ?

Cliquez ici pour prendre le quiz!

Statistiques générales

  • Ce quiz a été pris 62 fois
  • Le résultat moyen est 3 sur 12

Statistiques - réponses

Amount of VaticansDistance to Vatican (km)Country% Correct
1,454,545240France
90%
10007,415Antigua and Barbuda
71%
38,885,9651,492Russia
67%
4.6457Monaco
53%
7,000,0005,370India
33%
2,000,000π10,360Argentina
12%
300,000624Greece
10%
5,000,0004,147Democratic Republic of the Congo
8%
6667,050Maldives
2%
10,000π500Montenegro
2%
60,0004,405Equatorial Guinea
0%
90,0001,100Netherlands
0%

Distribution des résultats

Percentile par nombre de réponses

% des personnes avec chaque résultat

Votre développement - résultats

Vous n’avez pas pris ce quiz